New money in rural areas (Record no. 116246)

MARC details
000 -LEADER
fixed length control field 01812cad a22003015a 4500
001 - CONTROL NUMBER
control field L160157
008 - FIXED-LENGTH DATA ELEMENTS--GENERAL INFORMATION
fixed length control field 180904u20180410xxk g 000 0 eng d
035 ## - SYSTEM CONTROL NUMBER
System control number (Sirsi) u160157
041 0# - LANGUAGE CODE
Language code of text/sound track or separate title eng
050 04 - LIBRARY OF CONGRESS CALL NUMBER
Classification number 630
110 ## - MAIN ENTRY--CORPORATE NAME
Corporate name or jurisdiction name as entry element Royal Institution of Chartered Surveyors
9 (RLIN) 4900
245 04 - TITLE STATEMENT
Title New money in rural areas
Remainder of title assessing the impacts of investment in rural land assets
Medium [electronic resource]
260 ## - PUBLICATION, DISTRIBUTION, ETC.
Place of publication, distribution, etc. London
Name of publisher, distributor, etc. RICS
Date of publication, distribution, etc. 2018
490 #0 - SERIES STATEMENT
Series statement RICS Research
520 ## - SUMMARY, ETC.
Summary, etc. Examines the economic, social and environmental impacts on rural localities and communities of new investment, and seeks to answer: how can the benefits of new money flowing into rural areas be maximised and how can potential negative externalities be mitigated? Through ten case studies from across Europe (including Trump International Golf Links in Scotland, Moominworld Ltd in Finland and James Dyson's Beeswax Farming Ltd in the UK) assessed against an appraisal framework, the report covers both existing activities and land uses, such as a vineyard and farming, and transformational changes, including a theme park, golf course and renewable energy. The report finds many examples of good local relationships between investors and communities that are delivering positive outcomes, but also examples characterised by growing mistrust and suspicion.
590 ## - LOCAL NOTE (RLIN)
Local note KA NTK
651 #4 - SUBJECT ADDED ENTRY--GEOGRAPHIC NAME
Geographic name United Kingdom
690 ## - LOCAL SUBJECT ADDED ENTRY--TOPICAL TERM (OCLC, RLIN)
Topical term or geographic name as entry element Rural
9 (RLIN) 6268
690 ## - LOCAL SUBJECT ADDED ENTRY--TOPICAL TERM (OCLC, RLIN)
Topical term or geographic name as entry element Land use
9 (RLIN) 6251
690 ## - LOCAL SUBJECT ADDED ENTRY--TOPICAL TERM (OCLC, RLIN)
Topical term or geographic name as entry element Investments
9 (RLIN) 6250
700 1# - ADDED ENTRY--PERSONAL NAME
Personal name Gallent, Nick
700 1# - ADDED ENTRY--PERSONAL NAME
Personal name Hamiduddin, Iqbal
700 1# - ADDED ENTRY--PERSONAL NAME
Personal name Juntti, Meri
700 1# - ADDED ENTRY--PERSONAL NAME
Personal name Livingstone, Nicola
700 1# - ADDED ENTRY--PERSONAL NAME
Personal name Stirling, Phoebe
856 40 - ELECTRONIC LOCATION AND ACCESS
Uniform Resource Identifier <a href="https://www.propertyresearchtrust.org/uploads/1/3/4/8/134819607/research_new_money_in_rural_areas.pdf">https://www.propertyresearchtrust.org/uploads/1/3/4/8/134819607/research_new_money_in_rural_areas.pdf</a>
Public note View via the Property Research Trust
942 ## - ADDED ENTRY ELEMENTS (KOHA)
Suppress in OPAC 0
Source of classification or shelving scheme Dewey Decimal Classification
Holdings
Withdrawn status Lost status Source of classification or shelving scheme Damaged status Not for loan Home library Current library Shelving location Date acquired Total Checkouts Full call number Date last seen Copy number Price effective from Koha item type
    Dewey Decimal Classification     Virtual Virtual Online 04/09/2018   ONLINE PUBLICATION 02/02/2024 1 06/08/2019 Online material